Russian Federal Districts Picture Click Quiz Stats

 Plays Quiz not verified by Sporcle

Score 0/8 Timer 02:00
6 Plays Today
% Correct
Far Eastern
97.2%
Northwestern
93.1%
Ural
87.7%
Siberian
86.2%
Volga
78.5%
North Caucasian
72.8%
Southern
70.8%
Central
61.6%

You're not logged in!

Compare scores with friends on all Sporcle quizzes.
OR
Log In

Show Comments

Extras

Top Quizzes Today


Score Distribution

Your Account Isn't Verified!

In order to create a playlist on Sporcle, you need to verify the email address you used during registration. Go to your Sporcle Settings to finish the process.

Report this User

Report this user for behavior that violates our Community Guidelines.

Details: